The lightwave 6.5 /7.0 project handbook / (Record no. 276150)
[ view plain ]
| 000 -LEADER | |
|---|---|
| fixed length control field | 00313nam a2200121 a 4500 |
| 005 - DATE AND TIME OF LATEST TRANSACTION | |
| control field | 20141022141959.0 |
| 008 - FIXED-LENGTH DATA ELEMENTS--GENERAL INFORMATION | |
| fixed length control field | 120306s19uu xx 00 eng d |
| 050 ## - LIBRARY OF CONGRESS CALL NUMBER | |
| Classification number | CD |
| Item number | B35 2002 |
| 100 ## - MAIN ENTRY--PERSONAL NAME | |
| Personal name | Beck, Patrick |
| 245 ## - TITLE STATEMENT | |
| Title | The lightwave 6.5 /7.0 project handbook / |
| Statement of responsibility, etc | Patrick Beck. |
| 260 ## - PUBLICATION, DISTRIBUTION, ETC. (IMPRINT) | |
| Date of publication, distribution, etc | 2002. |
| 942 ## - ADDED ENTRY ELEMENTS (KOHA) | |
| Koha item type | Audio Visual Materials |
| Withdrawn status | Lost status | Damaged status | Home library | Current library | Shelving location | Date acquired | Total Checkouts | Full call number | Barcode | Date last seen | Price effective from | Koha item type |
|---|---|---|---|---|---|---|---|---|---|---|---|---|
| College Library | College Library | Audio Visual Material Section | 03/06/2012 | CD B35 2002 | IT0093 | 04/12/2014 | 04/12/2014 | Audio Visual Materials |